| 000 | 00446nam a2200181 a 4500 | ||
|---|---|---|---|
| 005 | 20250830133700.0 | ||
| 008 | 250829s1988##################000#0#eng## | ||
| 020 |
_a9783908044062 _qpbk |
||
| 041 | _aeng | ||
| 082 | 0 | 4 |
_a531.7 _bDU |
| 100 | _aDu Plessis,j. | ||
| 245 | 1 | 0 |
_aSurface Segregation _cJ. Du Plessis |
| 250 | _a1st | ||
| 260 |
_c1990 _aBrookfield _bSci-tech Publ. |
||
| 300 | _a125 pages | ||
| 650 | 0 | _aCrystals. | |
| 942 | _cENGLISH | ||
| 999 |
_c584365 _d584365 |
||